Open Data Biblioteca Nacional de Portugal


República Portuguesa: Ministério da Cultura
Biblioteca Nacional de Portugal

Catálogo da BNP: acesso por Identificadores Unívocos
Registos Bibliográficos associados ao registo de autoridade

Etiqueta de registo: 00254nbm 2200025 450
001 2104338
003 http://id.bnportugal.gov.pt/bib/catbnp/2104338
100 ## $a20220708d1743 m y0pory01030103ba
101 0# $apor
102 ## $aPT
105 ## $ay z 000yy
106 ## $ah
200 1# $a [ Carta do Conde de Atouguia, Dom Luís Peregrino de Ataíde, a Marco António de Azevedo Coutinho, sobre o movimento de barcos estrangeiros no porto de Lagos]$bManuscrito]
210 #1 $aLagos,$d4 de Março de 1743
215 ## $a[1, 1 br.] f.$d31 cm
300 ## $aOriginal
316 ## $aCota antiga: M. 1, n. 124
702 #1 $aCoutinho,$bMarco António de Azevedo,$f1688-1750$4660$3158380
710 01 $aAtouguia.$b10º Conde de,$f1720-1758 (Luís Peregrino de Ataíde)$31851708
801 #0 $aPT$bBN$gRPC
966 ## $lBN$mRESMAN$sMSS. 34, n. 11
971 ## $cpmesqui$d20220708
997 ## $aBIBEOD

Etiqueta de registo: 00254nbm 2200025 450
001 2108856
003 http://id.bnportugal.gov.pt/bib/catbnp/2108856
100 ## $a20220830d1751 k y0pory01030103ba
101 0# $apor
102 ## $aBR
105 ## $ay z 000yy
106 ## $ah
200 1# $a [ Carta do 10.º Conde de Atouguia, D. Luís Peregrino de Ataíde, para o 3.º Marquês de Penalva, referindo-lhe ter tido notícias suas pelo Monteiro-mor e colocando-se à sua disposição]$bManuscrito]
210 #9 $aBaía,$d31 de Dezembro de 1751
215 ## $a[1] f.$d33 cm
300 ## $aCópia com assinada autógrafa
307 ## $aVestígios de tinta ferrogálica
317 ## $aAdquirido a Soares e Mendonça, leilão de Outubro, 1980, lote n. 1687
702 #1 $aMeneses,$bFernando Teles da Silva Caminha e,$f1754-1818 (3º Marquês de Penalva)$4660$392007
710 01 $aAtouguia.$b10º Conde de,$f1720-1758 (Luís Peregrino de Ataíde)$31851708
801 #0 $aPT$bBN$gRPC
966 ## $lBN$mRESMAN$sMSS. 253, n. 45
971 ## $canacris$d20220830

Etiqueta de registo: 00254nbm 2200025 450
001 2121627
003 http://id.bnportugal.gov.pt/bib/catbnp/2121627
100 ## $a20230125d1744 m y0pory01030103ba
101 0# $apor
102 ## $aPT
105 ## $ay z 000yy
106 ## $ah
200 1# $a [ Certidão passada pelo Conde de Atouguia, relativa aos bons serviços prestados por Manuel Gonçalves de Carvalho, provedor das comarcas do Algarve]$bManuscrito]
210 #9 $aLagos,$d7 de Dezembro de 1744
215 ## $a[1] f.$d31 cm
300 ## $aOriginal autógrafo
307 ## $aCom selo de chapa com as armas do Conde de Atouguia
710 01 $aAtouguia.$b10º Conde de,$f1720-1758 (Luís Peregrino de Ataíde)$31851708
801 #0 $aPT$bBN$gRPC
966 ## $lBN$mRESMAN$sMSS. 98, n. 50
971 ## $cpmesqui$d20230125
997 ## $aBIBEOD

Etiqueta de registo: 00254nbm 2200025 450
001 2286911
003 http://id.bnportugal.gov.pt/bib/catbnp/2286911
100 ## $a20250526j17461748k y0pory01030103ba
101 0# $apor$afre
102 ## $aPT$aFR$aBR
105 ## $ay z 000yy
106 ## $ah
200 1# $aCartas dos Grandes e pessoas Illustres$eMinistros de Portugal em França E do Embaixador de França em Lisboa.$bManuscrito]
210 #1 $aLix[bo]a;$aParis$aPernambuco,$d1746-1748
215 ## $a[317] f.$c1 f. desdobr.$d39 cm
300 ## $aOriginais assinados e cópias
304 ## $aTexto em português e francês
304 ## $aCorrespondência para Pedro Miguel de Almeida Portugal sobre assuntos relacionados com o cargo de Vice-rei da Índia, que exerceu entre 1744 e 1750, outros relativos à administração interna de Portugal, à situação política das várias cortes europeias e sobre os estudos do seu filho, João de Almeida Portugal, 4.º Conde de Assumar, em Paris
307 ## $aManchado pela tinta ferrogálica e humidade; cadernos soltos (f. [1-47]); f. soltas (f. [131-133], [311-314]); margens danificadas com prejuízo da leitura; partes do texto com a tinta esmaecida; marcas da acção dos insectos
316 ## $aCota antiga: V-5-36
518 1# $aCartas dos grandes e pessoas ilustres...
701 #1 $aCunha,$bLuís da,$f1662-1749$4070$356165
701 #1 $aChevignard de Chavigny,$bThéodore,$f1687-1771$4070$31999411
701 #1 $aLacerda,$bGonçalo Manuel Galvão de,$ffl. 1733$4070$3240509
701 #1 $aBrito,$bMarcos de Noronha e,$f1712-1768$4070$31826513
701 #1 $aCastro,$bAndré de Melo e,$f1668-1753$4070$31705167
701 #1 $aMeneses,$bEstêvão de,$f1695-1758 (1.º Marquês de Penalva)$4070$31872336
701 #1 $aNoronha,$bJoão Manuel de,$f1679-1761$4070$31621938
701 #1 $aTávora,$c3º Marquês de,$d1703-1759$4070$31433936
701 #1 $aLafões,$b1º Duque de,$f1718-1761$4070$31862858
701 #0 $aCadaval,$c3.º duque de,$f1684-1749$4070$3172121
701 #1 $aAbrantes,$b2º Marquês de,$f1695-1756$4070$31655579
701 #1 $aCastro,$bFrancisco Paulo de Portugal e,$f1679-1749$4070$3148158
702 #0 $aPortugal,$bPedro Miguel de Almeida,$c1.º Marquês de Alorna,$f1688-1756$4660$32530
711 01 $aAtouguia.$b10º Conde de,$f1720-1758 (Luís Peregrino de Ataíde)$4070$31851708
801 #0 $aPT$bBN$gRPC
966 ## $lBN$mRESMAN$sCOD. 7203
971 ## $cipires$d20260526

OpendataBNP@bnportugal.pt | Mais informação sobre acesso aos dados BNP